Le libertinage
Uloženo v:
| Hlavní autor: | |
|---|---|
| Médium: | Kniha |
| Jazyk: | francouzština |
| Vydáno: |
París
Gallimard
1924
|
| Edice: | Oeuvres D'Aragon
|
| Témata: | |
| Tagy: |
Přidat tag
Žádné tagy, Buďte první, kdo vytvoří štítek k tomuto záznamu!
|
MARC
| LEADER | 00000nam a2200000 a 4500 | ||
|---|---|---|---|
| 001 | UCY9135 | ||
| 003 | CL-VaPUC | ||
| 008 | 950713e19240000FR |||||||||||||||||fre|d | ||
| 082 | 0 | 4 | |a 842 |b ARA |2 21 |
| 100 | 0 | |a Aragón |e author |9 341157 | |
| 245 | 1 | 3 | |a Le libertinage |
| 300 | |a 254 p | ||
| 942 | |c BK | ||
| 945 | |d 19950713 00:00:00 |a rbrito | ||
| 260 | |a París |b Gallimard |c 1924 | ||
| 650 | 0 | |a Drama francés |9 313202 | |
| 583 | |a last modification |c 19950713 00:00:00 |k Rodrigo Vera | ||
| 490 | 0 | |a Oeuvres D'Aragon | |
| 999 | |c 236269 |d 236267 | ||
| 952 | |0 0 |1 0 |4 0 |6 842_000000000000000_ARA_1924 |7 0 |8 A |9 244294 |a BIBART |b BIBART |d 2019-11-18 |i 3098591 |l 1 |o 842 ARA 1924 |p 3098591 |r 2025-03-13 |s 2024-03-15 |w 2019-11-18 |y BK |k ART | ||